Countries by bad discribtions (easy) - Statistics

General Stats
  • This quiz has been taken 21 times
  • The average score is 17 of 21
Answer Stats
Hint Answer % Correct
Taco Mexico
100%
Obese patriotists USA
100%
Communist Panda's China
94%
Gingers Ireland
94%
Mafia Italy
94%
Dracula Romania
94%
Oil infused Royals Saudi Arabia
94%
Curry obsessed India
88%
Basically Russia Belarus
82%
Can't decide over Dutch or French Belgium
82%
cigar smoking Comunists Cuba
82%
Sjalom Israel
82%
Lord Of The Rings New Zealand
82%
North Communists North Korea
82%
Communists Russia
82%
US invaded Communists Vietnam
82%
3D Triangles Egypt
65%
Weed smoking giants Netherlands
65%
Hot wo-ah lovers UK
59%
Funk football edits Brazil
53%
Always neutral Zwitserland
6%
No matching quizzes found
Score Distribution
Percent of People with Each Score
Percentile by Number Answered
Your Score History
You have not taken this quiz